000 00812nam a2200217Ia 4500
005 20241129105943.0
008 241129s9999||||xx |||||||||||||| ||und||
020 _a978-93-5518-339-2
037 _aTB
040 _aARTS
_bhin
_cARTS
041 _ahin
_2hin
084 _aS:65 152R3
_qARTS
100 _aकरमपुरी, प्रेमचन्द, ले.
245 0 _aसावधान: जीवन में कब, कैसे और किस प्रकार सतर्कता बरतें
_cकरमपुरी, प्रेमचन्द, ले.
260 _aदिल्ली, भारत
_bनाइन बुक्स
_c2022
300 _a247पृ0
365 _aINR
_b399
650 _aPsychology
942 _cTB
_hS:65 152R3
999 _c1226743
_d1226743